Cultura Geral 9 - Statistics

Estatísticas Gerais
  • Esse quiz foi jogado 209 vezes
  • A pontuação média é 9 de 15
Estatísticas das Respostas
Hint Resposta % Correto
Em que pais podemos encontrar a Torre de Pisa? Itália
94%
Qual o país mais populoso da Ásia? China
93%
No total, o Reino Unido é composto por quantos países? 4
90%
Qual é o menor país da Europa? Vaticano
90%
Qual cidade está localizado a catedral de Notre Dame? Paris
82%
Em qual país esta localizado o Monte Fuji? Japão
77%
Em qual país se localiza o Portão de Brandemburgo? Alemanha
70%
Onde fica Capadócia? Turquia
65%
A cidade de Kuala Lumpur é a capital de qual país? Malásia
57%
Qual é o canal que liga o Oceano Pacífico ao Oceano Atlântico? Canal do Panamá
45%
Qual é o menor país da Ásia em território? Maldivas
30%
Qual é o menor país da África? Seychelles
30%
Qual o nome do arquiteto responsável pela construção da Igreja da Sagrada Família? Gaudí
25%
De qual país é o rosbife? Inglaterra
23%
Onde se situa o monte Everest ? Himalaias
21%
Nenhum quiz correspondente encontrado
Distribuição das Pontuações
Porcentagem de Pessoas com Cada Pontuação
Percentil de Números Respondidos
Sua Pontuação Histórica
Você não jogou esse quiz